Oeuvres de J. de la Fontaine (Record no. 156706)

MARC details
000 -LEADER
campo de control de longitud fija 01344nam a2200241 i 4500
001 - NÚMERO DE CONTROL
campo de control 156706
003 - IDENTIFICADOR DE NÚMERO DE CONTROL
campo de control ES-MaACL
005 - FECHA Y HORA DE LA ÚLTIMA TRANSACCIÓN
campo de control 20251015063140.0
008 - DATOS DE LONGITUD FIJA--INFORMACIÓN GENERAL
campo de control de longitud fija 991104m18831884fr |||| | fre d
040 ## - FUENTE DE CATALOGACIÓN
Centro catalogador/agencia de origen EUS
Lengua de catalogación spa
Centro/agencia transcriptor EUS
100 1# - ENTRADA PRINCIPAL--NOMBRE DE PERSONA
Nombre de persona La Fontaine, Jean de,
Fechas asociadas al nombre 1621-1695
9 (RLIN) 69147
245 10 - MENCIÓN DEL TÍTULO
Título Oeuvres de J. de la Fontaine
Resto del título : tome premier [-tome troisième].
250 ## - MENCION DE EDICION
Mención de edición Nouvelle édition
Resto de la mención de edición revue... et augmentée de variantes, de notices... par M. Henri Regnier.
260 ## - PUBLICACIÓN, DISTRIBUCIÓN, ETC.
Lugar de publicación, distribución, etc. Paris :
Nombre del editor, distribuidor, etc. Librairie Hachette et C\pie\s...,
Fecha de publicación, distribución, etc. 1883-1884 (
Fabricante Imprimerie A. Lahure)
300 ## - DESCRIPCIÓN FÍSICA
Extensión 3 v. ([3] h., [7], CCXXIV, 471 p.; [3], [III], 524 p.; [3] h., 429 p.) ;
Dimensiones 23 cm.
593 ## -
-- Encabezamiento completado con: Enciclopedia universal ilustrada europeo-americana, t. XIX, p. 241.
595 ## -
-- Datos de ed. preceden a mención de parte.
596 ## - NOTA AL PIE DE IMPRENTA
NOTA AL PIE DE IMPRENTA Colofón.
597 ## - NOTA DE DESCRIPCIÓN FÍSICA
NOTA DE DESCRIPCIÓN FÍSICA Signaturizado.
597 ## - NOTA DE DESCRIPCIÓN FÍSICA
NOTA DE DESCRIPCIÓN FÍSICA Antep.
852 ## - LOCALIZACIÓN
Ubicación ES-MaACL
Número de control de estantería F-6832-6842
Nota libre -- Enc. hol. y t.IX enc. pasta española
Encuadernación -- Edic.: 1883-1992 -- 11 v. -- T.I (1883), T.II (1884), T.III (1885), T.IV (1887) (III, 580 p.), T.V (1889) (628 p.), T.VI (1890) (374 p.), T.VII (1891) (628 p.), T.VIII (1892) (511 p.), T.IX (1892) (531 p.), T.X (1892) (CLXVII, 499 p.), T.XI (1892) (462 p.) -- Los t.X-XI son los 2 v. del "Lexique de la langue"
Holdings
Estatus retirado Estado de pérdida Estado de daño No para préstamo Colección Biblioteca de origen Biblioteca actual Ubicación en estantería Fecha de adquisición Fuente de adquisición Total de préstamos Signatura topográfica completa Código de barras Visto por última vez Precio de reemplazo Tipo de ítem Koha
        Libros del s. XIX Biblioteca del Ateneo de Madrid Biblioteca del Ateneo de Madrid Depósito 2 17/01/2008     F-6832-6842 1163950 23/02/2023 23/02/2023 Libro impreso antiguo